[Event "Chigorin Memorial 28th"]
[Site "St Petersburg"]
[Date "2021.10.30"]
[Round "8"]
[White "Askerov, Marat"]
[Black "Zayed, Ali Al Hamed"]
[Result "1-0"]
[WhiteElo "2317"]
[BlackElo "1957"]
[PlyCount "69"]
[EventDate "2021.10.23"]
[EventType "swiss"]
[EventRounds "9"]
[EventCountry "RUS"]
[SourceTitle "EXT 2023"]
[Source "ChessBase"]
[SourceDate "2022.10.05"]
[SourceVersion "1"]
[SourceVersionDate "2022.10.05"]
[SourceQuality "1"]

1. d4 Nf6 2. c4 c5 3. d5 g6 4. Nc3 Bg7 5. e4 d6 6. h3 0-0 7. Nf3 e6 8. Bd3 Nbd7 9. 0-0 e5 10. a3 h6 11. b4 b6 12. Be3 Nh5 13. Bc2 Ndf6 14. Qd2 Nf4 15. Bxf4 exf4 16. Qxf4 Nd7 17. Qd2 Ne5 18. Nxe5 Bxe5 19. Rab1 g5 20. bxc5 bxc5 21. Nd1 f5 22. exf5 Bxf5 23. Bxf5 Rxf5 24. Ne3 Rf7 25. Qd3 Qf8 26. Ng4 Kg7 27. Rfe1 Rb8 28. Nxe5 dxe5 29. Rxb8 Qxb8 30. Qe3 Qb2 31. Qxe5+ Qxe5 32. Rxe5 Rf4 33. d6 Kf6 34. Rxc5 Ke6 35. Rd5 1-0

[Event "Chigorin Memorial 28th"]
[Site "St Petersburg"]
[Date "2021.10.29"]
[Round "7"]
[White "Gavrilov, Maxim"]
[Black "Askerov, Marat"]
[Result "1-0"]
[WhiteElo "2070"]
[BlackElo "2317"]
[PlyCount "87"]
[EventDate "2021.10.23"]
[EventType "swiss"]
[EventRounds "9"]
[EventCountry "RUS"]
[SourceTitle "EXT 2023"]
[Source "ChessBase"]
[SourceDate "2022.10.05"]
[SourceVersion "1"]
[SourceVersionDate "2022.10.05"]
[SourceQuality "1"]

1. d4 Nf6 2. c4 e6 3. Nc3 Bb4 4. Nf3 0-0 5. Bg5 c5 6. e3 cxd4 7. exd4 d5 8. Rc1 b6 9. cxd5 Qxd5 10. Bxf6 gxf6 11. a3 Qe4+ 12. Be2 Bxc3+ 13. bxc3 Ba6 14. c4 Nc6 15. 0-0 Rad8 16. Bd3 Qg4 17. h3 Qh5 18. Re1 Bb7 19. Rb1 Kh8 20. Rb5 f5 21. d5 Rg8 22. Kh2 Ne7 23. Qa1+ Rg7 24. Bf1 Qh6 25. Qe5 Ng6 26. Qf6 Qf4+ 27. g3 Qd6 28. Bg2 Bc8 29. h4 Qe7 30. Qc3 Kg8 31. dxe6 Bxe6 32. h5 Nf8 33. Rxf5 Qc7 34. Rf4 b5 35. Nh4 h6 36. c5 Rg5 37. Qf6 Rxh5 38. Bf3 Nh7 39. Qb2 Rxc5 40. Bg4 Ng5 41. Qf6 Qd7 42. Bf5 a5 43. Qxh6 Qe7 44. Rg4 1-0

[Event "Chigorin Memorial 28th"]
[Site "St Petersburg"]
[Date "2021.10.27"]
[Round "5"]
[White "Ponomarev, Vsevolod"]
[Black "Askerov, Marat"]
[Result "1-0"]
[WhiteElo "2135"]
[BlackElo "2317"]
[PlyCount "65"]
[EventDate "2021.10.23"]
[EventType "swiss"]
[EventRounds "9"]
[EventCountry "RUS"]
[SourceTitle "EXT 2023"]
[Source "ChessBase"]
[SourceDate "2022.10.05"]
[SourceVersion "1"]
[SourceVersionDate "2022.10.05"]
[SourceQuality "1"]

1. e4 c6 2. d4 d5 3. Nc3 dxe4 4. Nxe4 Bf5 5. Ng3 Bg6 6. h4 h6 7. Nf3 Nd7 8. h5 Bh7 9. Bd3 Bxd3 10. Qxd3 e6 11. Bd2 Ngf6 12. 0-0-0 Be7 13. Kb1 Qb6 14. c4 Rd8 15. Bc3 Qa6 16. Qe2 0-0 17. Ne5 b5 18. Ng6 Rfe8 19. Nxe7+ Rxe7 20. d5 bxc4 21. dxc6 Qxc6 22. Bxf6 gxf6 23. Nf5 Kf8 24. Nxe7 Kxe7 25. Qe3 Ke8 26. Rd4 Rb8 27. Rc1 Qb6 28. Qd2 Ne5 29. Qc3 a5 30. Rc2 a4 31. f4 Nd3 32. a3 f5 33. Rxc4 1-0

[Event "Chigorin Memorial 28th"]
[Site "St Petersburg"]
[Date "2021.10.25"]
[Round "3"]
[White "Postanogov, Dmitrii"]
[Black "Askerov, Marat"]
[Result "1-0"]
[WhiteElo "2026"]
[BlackElo "2317"]
[PlyCount "89"]
[EventDate "2021.10.23"]
[EventType "swiss"]
[EventRounds "9"]
[EventCountry "RUS"]
[SourceTitle "EXT 2023"]
[Source "ChessBase"]
[SourceDate "2022.10.05"]
[SourceVersion "1"]
[SourceVersionDate "2022.10.05"]
[SourceQuality "1"]

1. e4 c6 2. d4 d5 3. exd5 cxd5 4. Bd3 Nc6 5. c3 Nf6 6. Bf4 Bg4 7. Qb3 Qc8 8. Nd2 e6 9. Ngf3 Bh5 10. 0-0 Be7 11. Rae1 Bg6 12. Bxg6 hxg6 13. Ne5 Nxe5 14. Bxe5 0-0 15. h3 Qc6 16. a4 b6 17. Bf4 a6 18. Nf3 Nd7 19. Ne5 Nxe5 20. Bxe5 b5 21. a5 Rfc8 22. Qd1 b4 23. Re3 Qb5 24. Qg4 bxc3 25. bxc3 Qxa5 26. h4 Bf8 27. Qh3 Qd8 28. Rg3 Qe8 29. Re1 f6 30. Bf4 Rc6 31. Rge3 Kf7 32. Qg4 Rac8 33. c4 f5 34. Qg3 Qd8 35. Bg5 Qc7 36. Bf4 Qd8 37. Bg5 Qd6 38. Bf4 Qb4 39. Be5 Rxc4 40. h5 gxh5 41. Qg5 Rc1 42. Qxh5+ Ke7 43. Bf6+ gxf6 44. Rxe6+ Kd7 45. Qf7+ 1-0

[Event "Chigorin Memorial 28th"]
[Site "St Petersburg"]
[Date "2021.10.23"]
[Round "1"]
[White "Puzyrevsky, Semen"]
[Black "Askerov, Marat"]
[Result "0-1"]
[WhiteElo "1863"]
[BlackElo "2317"]
[PlyCount "84"]
[EventDate "2021.10.23"]
[EventType "swiss"]
[EventRounds "9"]
[EventCountry "RUS"]
[SourceTitle "EXT 2023"]
[Source "ChessBase"]
[SourceDate "2022.10.05"]
[SourceVersion "1"]
[SourceVersionDate "2022.10.05"]
[SourceQuality "1"]

1. b3 d5 2. Bb2 Nf6 3. e3 c5 4. Nf3 g6 5. Bxf6 exf6 6. c4 d4 7. exd4 cxd4 8. d3 Bb4+ 9. Nbd2 0-0 10. Be2 Nd7 11. 0-0 Ne5 12. a3 Bc3 13. Ra2 Bf5 14. Nb1 Ba5 15. b4 Bc7 16. Nxe5 fxe5 17. Bf3 Rb8 18. Qe2 Be6 19. Nd2 f5 20. g3 Re8 21. Bg2 Bf7 22. h4 b6 23. Rb2 Qf6 24. Rbb1 Rbd8 25. Qf3 Kg7 26. Rbe1 Bd6 27. Rc1 Qe7 28. Rfe1 a5 29. Nb3 axb4 30. Nxd4 Qd7 31. Nb5 bxa3 32. Qc6 Bb4 33. Red1 Qxc6 34. Bxc6 Re6 35. Bg2 Re7 36. Rb1 Bc5 37. Ra1 Red7 38. Bf1 Bxc4 39. Nxa3 Bxd3 40. Nc4 Bd4 41. Rac1 Bxc4 42. Bxc4 Bxf2+ 0-1

[Event "RUS-ch Higher League 74th"]
[Site "Cheboksary"]
[Date "2021.07.02"]
[Round "6"]
[White "Nurachev, Abdul"]
[Black "Askerov, Marat"]
[Result "1-0"]
[WhiteElo "1773"]
[BlackElo "2354"]
[PlyCount "81"]
[EventDate "2021.06.26"]
[EventType "swiss"]
[EventRounds "9"]
[EventCountry "RUS"]
[SourceTitle "CBM 203 Extra"]
[Source "ChessBase"]
[SourceDate "2021.09.30"]
[SourceVersion "1"]
[SourceVersionDate "2021.09.30"]
[SourceQuality "1"]

1. e4 c6 2. d4 d5 3. exd5 cxd5 4. Bd3 Nc6 5. c3 Qc7 6. h3 e6 7. Nf3 Bd6 8. 0-0 Nge7 9. Re1 Bd7 10. b3 f6 11. c4 Kf7 12. Nc3 a6 13. Be3 Rad8 14. Qd2 Qb8 15. a3 Bc7 16. b4 h6 17. Qa2 Bc8 18. Re2 Rhe8 19. Rae1 Bb6 20. cxd5 exd5 21. Bd2 Qd6 22. Ne4 Qc7 23. Nc5 g5 24. Bc3 g4 25. Nh4 gxh3 26. g3 Rg8 27. Kh2 Rg4 28. Re4 h5 29. Rxg4 hxg4 30. Qc2 Bxc5 31. bxc5 Rh8 32. Nf5 Nxf5 33. Bxf5 Ne7 34. Bd3 Be6 35. Bd2 Qd7 36. Bf4 Nf5 37. Rxe6 Qxe6 38. Bxf5 Qe1 39. Bxg4 Qf1 40. Bf3 Kg7 41. Be3 1-0

[Event "RUS-ch Higher League 74th"]
[Site "Cheboksary"]
[Date "2021.06.28"]
[Round "3"]
[White "Askerov, Marat"]
[Black "Obgolts, Erik"]
[Result "0-1"]
[WhiteElo "2354"]
[BlackElo "2425"]
[PlyCount "92"]
[EventDate "2021.06.26"]
[EventType "swiss"]
[EventRounds "9"]
[EventCountry "RUS"]
[SourceTitle "CBM 203 Extra"]
[Source "ChessBase"]
[SourceDate "2021.09.30"]
[SourceVersion "1"]
[SourceVersionDate "2021.09.30"]
[SourceQuality "1"]

1. d4 Nf6 2. c4 g6 3. Nf3 Bg7 4. g3 0-0 5. Bg2 d6 6. 0-0 c6 7. Nc3 Bf5 8. Nh4 Be6 9. d5 cxd5 10. cxd5 Bd7 11. Nf3 Na6 12. Nd4 Qb6 13. Nb3 Rfc8 14. Be3 Qb4 15. h3 Ba4 16. Bd4 Ne8 17. Bxg7 Bxb3 18. axb3 Nxg7 19. Ra4 Qb6 20. Rf4 Nh5 21. Rd4 Nc5 22. b4 Nd7 23. Bf3 Nhf6 24. e3 a5 25. b5 Nc5 26. h4 a4 27. h5 a3 28. bxa3 Rxa3 29. Rc4 Rca8 30. hxg6 hxg6 31. Be2 Ncd7 32. Qd4 Qxd4 33. exd4 Ne8 34. Nb1 Rb3 35. Rfc1 Nb6 36. R4c2 Rb4 37. Rd2 Ra1 38. Bd3 Rxd4 39. Kf1 Nf6 40. Ke2 Nfxd5 41. Rb2 Na4 42. Rc8+ Kg7 43. Rd2 Rxb1 44. Bxb1 Nac3+ 45. Ke1 Rxd2 46. Kxd2 Nxb1+ 0-1

[Event "RUS-ch Higher League 74th"]
[Site "Cheboksary"]
[Date "2021.06.26"]
[Round "1"]
[White "Askerov, Marat"]
[Black "Goryachkina, Aleksandra"]
[Result "1/2-1/2"]
[WhiteElo "2354"]
[BlackElo "2596"]
[PlyCount "87"]
[EventDate "2021.06.26"]
[EventType "swiss"]
[EventRounds "9"]
[EventCountry "RUS"]
[SourceTitle "CBM 203 Extra"]
[Source "ChessBase"]
[SourceDate "2021.09.30"]
[SourceVersion "1"]
[SourceVersionDate "2021.09.30"]
[SourceQuality "1"]

1. d4 Nf6 2. c4 e6 3. Nf3 d5 4. g3 dxc4 5. Bg2 a6 6. 0-0 Nc6 7. e3 Bd7 8. Qe2 Bd6 9. Qxc4 0-0 10. Rd1 Qe7 11. Qe2 Rad8 12. Nc3 h6 13. Bd2 b5 14. a3 e5 15. dxe5 Nxe5 16. Nxe5 Bxe5 17. Nd5 Nxd5 18. Bxd5 Bh3 19. e4 Qf6 20. Bb4 Rfe8 21. Rac1 Bd7 22. Ba5 Be6 23. Rc6 Rd6 24. Rxd6 cxd6 25. Bxe6 Rxe6 26. b3 Bd4 27. Qc2 h5 28. h4 Qe5 29. Qd3 Bc5 30. b4 Ba7 31. Bc7 Rf6 32. Bxd6 Qb2 33. Rd2 Rxf2 34. Rxb2 Rf3+ 35. Bc5 Bxc5+ 36. bxc5 Rxd3 37. Rc2 Kf8 38. c6 Rd8 39. Kf2 Ke7 40. c7 Rc8 41. Rc6 Kd7 42. Rxa6 Rxc7 43. Ke3 Rc3+ 44. Kf4 1/2-1/2

[Event "St Petersburg-ch 94th"]
[Site "St Petersburg"]
[Date "2021.03.31"]
[Round "7"]
[White "Palchun, Grigory"]
[Black "Askerov, Marat"]
[Result "0-1"]
[WhiteElo "2359"]
[BlackElo "2351"]
[PlyCount "64"]
[EventDate "2021.03.25"]
[EventType "swiss"]
[EventRounds "9"]
[EventCountry "RUS"]
[SourceTitle "EXT 2022"]
[Source "ChessBase"]
[SourceDate "2021.10.06"]
[SourceVersion "1"]
[SourceVersionDate "2021.10.06"]
[SourceQuality "1"]

1. Nf3 Nf6 2. e3 e6 3. b3 b6 4. Bb2 Bb7 5. d4 c5 6. Bd3 Be7 7. 0-0 0-0 8. c4 cxd4 9. exd4 d5 10. Nc3 Nc6 11. Rc1 Rc8 12. Qe2 Nb4 13. Bb1 dxc4 14. bxc4 Bxf3 15. gxf3 Bd6 16. Kh1 Bf4 17. Rcd1 Nh5 18. Qe4 f5 19. Qxe6+ Kh8 20. Bxf5 Rc6 21. Qe4 Re8 22. Qb1 Qh4 23. h3 Ng3+ 24. Kg2 Rf8 25. Rfe1 Rcf6 26. Be6 Bd6 27. Ne4 Rxf3 28. Nxd6 Rxf2+ 29. Kg1 Ne2+ 30. Kh1 Rh2+ 31. Kxh2 Qf2+ 32. Kh1 Ng3# 0-1

[Event "RUS-chT 27th"]
[Site "Sochi"]
[Date "2020.11.25"]
[Round "6.6"]
[White "Askerov, Marat"]
[Black "Potapov, Pavel"]
[Result "1/2-1/2"]
[WhiteElo "2338"]
[BlackElo "2482"]
[PlyCount "167"]
[EventDate "2020.11.19"]
[EventType "team-tourn"]
[EventRounds "9"]
[EventCountry "RUS"]
[SourceTitle "CBM 199"]
[Source "ChessBase"]
[SourceDate "2020.12.31"]
[SourceVersion "1"]
[SourceVersionDate "2020.12.31"]
[SourceQuality "1"]
[WhiteTeam "St Petersburg SShOR"]
[BlackTeam "Achimgaz QNAO"]
[WhiteTeamCountry "RUS"]
[BlackTeamCountry "RUS"]

1. d4 Nf6 2. c4 e6 3. Nf3 b6 4. g3 Bb7 5. Bg2 Bb4+ 6. Bd2 a5 7. 0-0 0-0 8. Bg5 Be7 9. Nc3 Ne4 10. Bxe7 Qxe7 11. Qc2 Nxc3 12. Qxc3 d6 13. Rfe1 f5 14. Nd2 Bxg2 15. Kxg2 Nd7 16. Qf3 e5 17. Qc6 Rac8 18. dxe5 dxe5 19. Rad1 Nc5 20. Nb3 Nxb3 21. axb3 Rcd8 22. Rd5 Rf6 23. Qb5 Re6 24. Red1 Rxd5 25. Qxd5 Kf7 26. e4 fxe4 27. Qxe4 g6 28. Rd5 Kg7 29. h4 h5 30. Rd2 Kf7 31. Re2 Qd6 32. Qf3+ Kg7 33. Qe4 Kf7 34. Qe3 Kg7 35. Rd2 Qe7 36. Rd5 Qf6 37. Qe4 Re7 38. Rd2 Qf5 39. Qxf5 gxf5 40. Kf3 Kf7 41. Ke3 Re6 42. Rd7+ Re7 43. Rd5 Ke6 44. Rd8 Rh7 45. Rf8 Rh6 46. Rg8 Kf6 47. Ra8 Ke7 48. Rc8 Kd6 49. Rf8 Ke6 50. Re8+ Kd6 51. Kd3 Rh7 52. Rg8 Rd7 53. Rh8 e4+ 54. Kc2 Ke6 55. Rh6+ Kf7 56. Rxh5 Kg6 57. Rg5+ Kf6 58. g4 fxg4 59. Rxg4 Kf5 60. Rg2 Rd3 61. Rg3 Rd7 62. Kc3 c5 63. h5 Rh7 64. Rh3 Kg4 65. Rg3+ Kf5 66. Rh3 Kg4 67. Rg3+ Kf5 68. Rg6 Rxh5 69. Rxb6 Rh3+ 70. Kd2 Kf4 71. Ke2 Ke5 72. Rb8 Kd6 73. Rb6+ Ke5 74. Rc6 Rxb3 75. Rxc5+ Kd4 76. Rb5 a4 77. Rxb3 axb3 78. f4 exf3+ 79. Kxf3 Kxc4 80. Ke4 Kc5 81. Kd3 Kc6 82. Kc4 Kb6 83. Kxb3 Kb5 84. Kc3 1/2-1/2

[Event "St Petersburg-ch 93rd"]
[Site "St Petersburg"]
[Date "2020.09.22"]
[Round "1.5"]
[White "Usmanov, Vasily"]
[Black "Askerov, Marat"]
[Result "0-1"]
[WhiteElo "2436"]
[BlackElo "2335"]
[PlyCount "120"]
[EventDate "2020.09.22"]
[EventType "swiss"]
[EventRounds "9"]
[EventCountry "RUS"]
[SourceTitle "EXT 2021"]
[Source "ChessBase"]
[SourceDate "2020.10.23"]
[SourceVersion "1"]
[SourceVersionDate "2020.10.23"]
[SourceQuality "1"]

1. Nf3 c5 2. b3 d5 3. e3 Nf6 4. c4 d4 5. Ba3 e6 6. exd4 cxd4 7. Bxf8 Kxf8 8. g3 g6 9. Bg2 Kg7 10. 0-0 Nc6 11. Re1 Re8 12. Ne5 Nxe5 13. Rxe5 Qc7 14. Qe2 Bd7 15. Na3 d3 16. Qe1 Ng4 17. Re4 e5 18. Nb5 Qc5 19. b4 Qb6 20. a4 Bxb5 21. axb5 f5 22. Rxg4 fxg4 23. Qe4 Re7 24. Qxd3 Rd8 25. Bd5 a6 26. Ra5 Qd6 27. Qa3 axb5 28. Rxb5 b6 29. Qe3 Rb8 30. d3 h5 31. Kg2 Ra7 32. Be4 Rf7 33. Kg1 Rf6 34. Bg2 Rbf8 35. c5 bxc5 36. bxc5 Qd4 37. Qxd4 exd4 38. Rb2 Ra6 39. Be4 Ra1+ 40. Kg2 Rc1 41. c6 g5 42. h3 gxh3+ 43. Kxh3 Kf6 44. Rb5 Rg8 45. f4 g4+ 46. Kg2 Rc2+ 47. Kg1 Ra8 48. Rb1 Ra5 49. Bg2 Rac5 50. Rb4 Re2 51. Bf1 Re3 52. Rxd4 Rxg3+ 53. Kh2 Rf3 54. Bg2 Re3 55. Rd6+ Kf5 56. d4 Rc2 57. Rd5+ Kxf4 58. c7 Rh3+ 59. Kg1 Rg3 60. Rc5 Rgxg2+ 0-1

[Event "St Petersburg Northwest Cup-B"]
[Site "St Petersburg"]
[Date "2019.12.09"]
[Round "1"]
[White "Gazik, Igor"]
[Black "Askerov, Marat"]
[Result "1-0"]
[WhiteElo "2256"]
[BlackElo "2335"]
[PlyCount "63"]
[EventDate "2019.12.09"]
[EventType "tourn"]
[EventRounds "9"]
[EventCountry "RUS"]
[EventCategory "4"]
[SourceTitle "CBM 193 Extra"]
[Source "ChessBase"]
[SourceDate "2020.01.31"]
[SourceVersion "1"]
[SourceVersionDate "2020.01.31"]
[SourceQuality "1"]

1. d4 Nf6 2. Nf3 e6 3. e3 c5 4. Bd3 b6 5. 0-0 Bb7 6. Nbd2 Be7 7. c3 cxd4 8. exd4 0-0 9. Re1 d6 10. Nf1 Nbd7 11. Ng3 Re8 12. Bg5 h6 13. Bf4 Bf8 14. Bc2 Qc7 15. Rc1 b5 16. a4 a6 17. axb5 axb5 18. Qe2 Bd5 19. Ra1 Rxa1 20. Rxa1 b4 21. Bd2 bxc3 22. bxc3 Nb6 23. Ne4 Nfd7 24. h3 f5 25. Ng3 Nf6 26. Ne1 Nc4 27. Bc1 e5 28. Qd1 f4 29. Nh5 Nxh5 30. Qxh5 Bf7 31. Bg6 exd4 32. Bxf4 1-0

[Event "EU-ch blitz"]
[Site "Tallinn"]
[Date "2019.12.07"]
[Round "3"]
[White "Askerov, Marat"]
[Black "Ladva, Ottomar"]
[Result "0-1"]
[WhiteElo "2164"]
[BlackElo "2457"]
[PlyCount "108"]
[EventDate "2019.12.07"]
[EventType "swiss (blitz)"]
[EventRounds "22"]
[EventCountry "EST"]
[SourceTitle "CBM 193 Extra"]
[Source "ChessBase"]
[SourceDate "2020.01.31"]
[SourceVersion "1"]
[SourceVersionDate "2020.01.31"]
[SourceQuality "1"]

1. d4 d5 2. c4 e6 3. Nc3 Nf6 4. cxd5 Nxd5 5. e4 Nxc3 6. bxc3 c5 7. Nf3 cxd4 8. cxd4 Bb4+ 9. Bd2 Bxd2+ 10. Qxd2 0-0 11. Bc4 Nd7 12. 0-0 b6 13. Rfd1 Bb7 14. d5 Nc5 15. dxe6 fxe6 16. Qxd8 Raxd8 17. Ng5 Bc8 18. f3 h6 19. Nh3 Kf7 20. Kf2 Ke7 21. Ke3 g5 22. Nf2 Bb7 23. h4 Rc8 24. hxg5 hxg5 25. Rh1 Nxe4 26. Rh7+ Rf7 27. Rxf7+ Kxf7 28. Bxe6+ Kxe6 29. Nxe4 Bxe4 30. fxe4 Ke5 31. Rd1 Rc3+ 32. Kf2 Kxe4 33. Rd2 Ra3 34. Re2+ Kf4 35. Rb2 Ra4 36. Rc2 Kg4 37. Rd2 b5 38. Rb2 a6 39. Rc2 Rb4 40. Rd2 a5 41. a3 Rb3 42. Rd4+ Kh5 43. Rd5 a4 44. Rc5 Kh4 45. Rd5 Rb2+ 46. Kf3 g4+ 47. Kf4 Rf2+ 48. Ke3 Rxg2 49. Rxb5 Rg3+ 50. Kf4 Rf3+ 51. Ke4 Rxa3 52. Ra5 Kg3 53. Ra8 Ra1 54. Kf5 Kf3 0-1

[Event "Chigorin Memorial 27th"]
[Site "St Petersburg"]
[Date "2019.10.13"]
[Round "9"]
[White "Askerov, Marat"]
[Black "Yanchenko, Roman"]
[Result "1/2-1/2"]
[WhiteElo "2334"]
[BlackElo "2454"]
[PlyCount "51"]
[EventDate "2019.10.05"]
[EventType "swiss"]
[EventRounds "9"]
[EventCountry "RUS"]
[SourceTitle "EXT 2021"]
[Source "ChessBase"]
[SourceDate "2020.10.23"]
[SourceVersion "1"]
[SourceVersionDate "2020.10.23"]
[SourceQuality "1"]

1. d4 Nf6 2. c4 c6 3. Nc3 d5 4. cxd5 cxd5 5. Bf4 Nc6 6. e3 a6 7. Rc1 e6 8. Bd3 h6 9. h3 Bd6 10. Bxd6 Qxd6 11. f4 g5 12. Nge2 Rg8 13. fxg5 Rxg5 14. 0-0 e5 15. dxe5 Qxe5 16. Nf4 Qxe3+ 17. Kh1 Kf8 18. Rf3 Qe5 19. Qf1 Nd4 20. Re1 Nxf3 21. Rxe5 Nxe5 22. Ncxd5 Nxd5 23. Nxd5 Nxd3 24. Qxd3 Bf5 25. Qd4 Rg8 26. Qb4+ 1/2-1/2

[Event "Chigorin Memorial 27th"]
[Site "St Petersburg"]
[Date "2019.10.05"]
[Round "1"]
[White "Askerov, Marat"]
[Black "Novozhilov, Semen"]
[Result "1-0"]
[WhiteElo "2334"]
[BlackElo "1786"]
[PlyCount "99"]
[EventDate "2019.10.05"]
[EventType "swiss"]
[EventRounds "9"]
[EventCountry "RUS"]
[SourceTitle "EXT 2020"]
[Source "ChessBase"]
[SourceDate "2019.10.17"]
[SourceVersion "1"]
[SourceVersionDate "2019.10.17"]
[SourceQuality "1"]

1. d4 Nf6 2. c4 c5 3. d5 b5 4. Nd2 g6 5. b3 Bg7 6. Bb2 0-0 7. e4 d6 8. Ngf3 e5 9. cxb5 Nh5 10. Nc4 f5 11. Nfd2 Nf6 12. Bd3 f4 13. Bc3 g5 14. b4 cxb4 15. Bxb4 Ne8 16. a4 g4 17. Be2 f3 18. gxf3 gxf3 19. Bxf3 Qf6 20. Qe2 Nd7 21. Bg4 Nb6 22. Ne3 Bxg4 23. Nxg4 Qf4 24. a5 Nd7 25. Rc1 h5 26. Ne3 Ndf6 27. Nf5 Nxe4 28. Nxg7 Nxg7 29. Qxe4 Qxf2+ 30. Kd1 Rf4 31. Qg6 Rg4 32. Qxd6 Rg1+ 33. Kc2 Rc8+ 34. Bc3 Rg2 35. Rhd1 Qf5+ 36. Kb2 Qd3 37. Qb4 Rc4 38. Qb3 Rc5 39. d6+ Kh7 40. Qc2 Rxb5+ 41. Ka2 Qxc2+ 42. Rxc2 Rd5 43. Bb4 e4 44. Rdc1 e3 45. Ne4 Rg6 46. Kb3 Ne6 47. Rc7+ Kh6 48. Re7 e2 49. Bd2+ Rxd2 50. Nxd2 1-0

[Event "Helsinki U20"]
[Site "Helsinki"]
[Date "2019.08.18"]
[Round "9"]
[White "Heimisson, Hilmir Freyr"]
[Black "Askerov, Marat"]
[Result "0-1"]
[WhiteElo "2258"]
[BlackElo "2327"]
[PlyCount "81"]
[EventDate "2019.08.14"]
[EventType "tourn"]
[EventRounds "9"]
[EventCountry "FIN"]
[SourceTitle "CBM 191 Extra"]
[Source "ChessBase"]
[SourceDate "2019.09.30"]
[SourceVersion "1"]
[SourceVersionDate "2019.09.30"]
[SourceQuality "1"]

1. e4 c6 2. Nc3 d5 3. Qf3 d4 4. Bc4 e6 5. Nce2 c5 6. d3 Nc6 7. Bd2 Ne5 8. Bb5+ Bd7 9. Bxd7+ Qxd7 10. Qg3 Nc6 11. Nf3 g6 12. h4 h5 13. Ne5 Nxe5 14. Qxe5 Rh7 15. c3 dxc3 16. Qxc3 Rd8 17. Rh3 b6 18. Bg5 Be7 19. Rd1 e5 20. Be3 Bd6 21. Kf1 f6 22. Qc4 Qf7 23. Nc3 Ne7 24. Qa4+ Rd7 25. Rf3 Qe6 26. a3 Rf7 27. Kg1 Bb8 28. b4 cxb4 29. axb4 Kf8 30. b5 Kg7 31. Rc1 Rf8 32. Na2 Bd6 33. Bd2 Bc5 34. Bb4 Rd4 35. Qa3 Bxb4 36. Nxb4 Qd6 37. Rc4 Rc8 38. Nc2 Qxa3 39. Nxa3 Rcxc4 40. Nxc4 Nc8 41. Re3 0-1

[Event "Helsinki U20"]
[Site "Helsinki"]
[Date "2019.08.17"]
[Round "8"]
[White "Askerov, Marat"]
[Black "Semjonovs, Ilja"]
[Result "1-0"]
[WhiteElo "2327"]
[BlackElo "2370"]
[PlyCount "27"]
[EventDate "2019.08.14"]
[EventType "tourn"]
[EventRounds "9"]
[EventCountry "FIN"]
[SourceTitle "CBM 191 Extra"]
[Source "ChessBase"]
[SourceDate "2019.09.30"]
[SourceVersion "1"]
[SourceVersionDate "2019.09.30"]
[SourceQuality "1"]

1. d4 Nf6 2. c4 g6 3. Nc3 d5 4. cxd5 Nxd5 5. Na4 Bg7 6. e4 Nb6 7. Be3 0-0 8. Nf3 Bg4 9. Nc5 Qc8 10. Be2 N8d7 11. 0-0 Nxc5 12. dxc5 Bxf3 13. gxf3 Nd7 14. Qb3 1-0

[Event "Helsinki U20"]
[Site "Helsinki"]
[Date "2019.08.17"]
[Round "7"]
[White "Wartiovaara, Oliver"]
[Black "Askerov, Marat"]
[Result "1/2-1/2"]
[WhiteElo "2166"]
[BlackElo "2327"]
[PlyCount "41"]
[EventDate "2019.08.14"]
[EventType "tourn"]
[EventRounds "9"]
[EventCountry "FIN"]
[SourceTitle "CBM 191 Extra"]
[Source "ChessBase"]
[SourceDate "2019.09.30"]
[SourceVersion "1"]
[SourceVersionDate "2019.09.30"]
[SourceQuality "1"]

1. e4 e6 2. d4 d5 3. Nc3 Bb4 4. e5 b6 5. a3 Bf8 6. Nf3 Ba6 7. Bxa6 Nxa6 8. 0-0 Ne7 9. Qd3 Nb8 10. Ne2 Nd7 11. Bg5 h6 12. Bxe7 Bxe7 13. c4 dxc4 14. Qxc4 0-0 15. Rfd1 b5 16. Qc6 Nb6 17. Qxb5 Rb8 18. b4 Nd5 19. Qc4 a5 20. bxa5 Ra8 21. Nc3 1/2-1/2

[Event "Helsinki U20"]
[Site "Helsinki"]
[Date "2019.08.16"]
[Round "5"]
[White "Juksta, Karolis"]
[Black "Askerov, Marat"]
[Result "1/2-1/2"]
[WhiteElo "2259"]
[BlackElo "2327"]
[PlyCount "110"]
[EventDate "2019.08.14"]
[EventType "tourn"]
[EventRounds "9"]
[EventCountry "FIN"]
[SourceTitle "CBM 191 Extra"]
[Source "ChessBase"]
[SourceDate "2019.09.30"]
[SourceVersion "1"]
[SourceVersionDate "2019.09.30"]
[SourceQuality "1"]

1. d4 Nf6 2. c4 e6 3. Nc3 Bb4 4. f3 d5 5. a3 Bxc3+ 6. bxc3 c5 7. cxd5 Nxd5 8. dxc5 Qa5 9. e4 Nf6 10. Be3 0-0 11. Qb3 Nfd7 12. a4 Qc7 13. Qa3 b6 14. cxb6 axb6 15. Nh3 Ne5 16. Qb3 Nbd7 17. Bb5 Nc5 18. Qc2 Ba6 19. 0-0 Nc4 20. Bxc5 Qxc5+ 21. Qf2 Ne3 22. Bxa6 Rxa6 23. Rfc1 e5 24. c4 Rc8 25. Rc3 Nxc4 26. Qxc5 Rxc5 27. Nf2 Na5 28. Rxc5 bxc5 29. Nd3 c4 30. Nxe5 h5 31. Rc1 Re6 32. f4 f6 33. Ng6 Rxe4 34. Rd1 Kf7 35. f5 Ke8 36. Kf2 c3 37. Rc1 Rc4 38. Ke3 Kd7 39. Kd3 Rxa4 40. Rxc3 Nc6 41. Ke3 Ne7 42. Nxe7 Kxe7 43. Rc7+ Kf8 44. Rc8+ Kf7 45. Kf3 Rg4 46. h3 Rd4 47. g4 Rd3+ 48. Kg2 hxg4 49. hxg4 Re3 50. Kf2 Re8 51. Rxe8 Kxe8 52. Ke3 Kd7 53. Kd3 Kc7 54. Kc3 Kc6 55. Kc4 Kd6 1/2-1/2

[Event "Helsinki U20"]
[Site "Helsinki"]
[Date "2019.08.15"]
[Round "3"]
[White "Ingebretsen, Jens E"]
[Black "Askerov, Marat"]
[Result "1/2-1/2"]
[WhiteElo "2277"]
[BlackElo "2327"]
[PlyCount "116"]
[EventDate "2019.08.14"]
[EventType "tourn"]
[EventRounds "9"]
[EventCountry "FIN"]
[SourceTitle "CBM 191 Extra"]
[Source "ChessBase"]
[SourceDate "2019.09.30"]
[SourceVersion "1"]
[SourceVersionDate "2019.09.30"]
[SourceQuality "1"]

1. c4 e6 2. g3 Nf6 3. Bg2 d5 4. Nf3 dxc4 5. Qa4+ Bd7 6. Qxc4 c5 7. Ne5 Qc8 8. Qd3 Nc6 9. Nxd7 Qxd7 10. Qxd7+ Kxd7 11. d3 Nd4 12. Na3 c4 13. Be3 Bxa3 14. Bxd4 Bb4+ 15. Kf1 cxd3 16. Bxb7 Rab8 17. Bg2 Rbc8 18. exd3 Rc2 19. Bf3 Rhc8 20. Bd1 Rd2 21. Kg2 Bc5 22. Ba4+ Kd8 23. Rhd1 Rxd1 24. Bxf6+ gxf6 25. Rxd1 Bd4 26. Rd2 Rc1 27. Bb5 Ke7 28. Bc4 Kd6 29. a3 Ra1 30. Re2 f5 31. f4 a5 32. Kh3 Rb1 33. b3 Ra1 34. a4 Rh1 35. Rc2 Rb1 36. Kh4 Rb2 37. Rxb2 Bxb2 38. Kh5 Bg7 39. h3 Kc5 40. Bb5 Kd6 41. Be8 Ke7 42. Bb5 Kf6 43. g4 fxg4 44. hxg4 Bf8 45. Be8 Bd6 46. Kh6 Bxf4+ 47. Kxh7 Ke7 48. Bb5 Bd2 49. Kg7 f5 50. gxf5 exf5 51. Kg6 f4 52. Kf5 f3 53. Ke5 f2 54. d4 Bc3 55. Kd5 Kd8 56. Kc5 Kc7 57. Bf1 Bb4+ 58. Kd5 Bd2 1/2-1/2